000 00461nam a2200145Ia 4500
008 231129s1999||||xx |||||||||||||| ||spa||
020 _a958-20-0485-1
040 _bspa
082 _a375 L925p
100 _aLozano Luis Antonio
245 0 _aParadigmas y tendencias de los proyectos educativos institucionales: Una visión evaluativa
260 _c1999
264 _aCooperativa Editorial Magisterio
942 _2ddc
_cBKS
999 _c22417
_d22417